| 000 | 00671nam a22001935i 4500 | ||
|---|---|---|---|
| 001 | 15667 | ||
| 003 | ES-MaACL | ||
| 005 | 20230906151127.0 | ||
| 007 | t| | ||
| 008 | 000504s1994 sp |||| | spa j | ||
| 020 | _a84-604-9466-7 | ||
| 080 | _a860(460.33)-3.09"18" | ||
| 100 | 1 |
_aMolina Martínez, José Luis. _981949 |
|
| 245 | 1 | 3 |
_aLa leyenda tardorromántica en la región de Murcia _b: de Zorrilla y Bécquer a Espejo Melgares (1871-1905). |
| 260 |
_a[Lorca : _bJ.L. Molina Martínez, _c1994] |
||
| 300 |
_aVIII, 160 p. ; _c19 cm. |
||
| 650 | 1 | 4 |
_aNovela española- _zMurcia (Comunidad Autónoma)- _yS.XIX- _xHistoria y crítica. _915612 |
| 852 |
_aES-MaACL _jL-22975 |
||
| 999 |
_c15667 _d15667 |
||